Золотослов. Поетичний космос Давньої Русі (Запис № 421230)

МАРК-запис
000 -Лідер
fixed length control field 01362nam a22002657a 4500
001 - Контрольний номер
control field 132728
003 - Ідентифікатор контрольного номера
control field UA-OsUOA
005 - Дата та час останнього входження (трансакції)
control field 20260324141456.0
007 - Фіксоване поле фізичного опису
fixed length control field ta
008 - Елементи даних фіксованої довжини – загальна інформація
fixed length control field 20180903b un ||-ura|||| 00| 0 ukrpdukr d
020 ## - Міжнародний стандартний книжковий номер (ISBN)
Міжнародний стандартний книжковий номер (ISBN) (НП) 5308001642
040 ## - Джерело каталогізації
Агенція оригінальної каталогізації UA-OsUOA
Мова каталогізації ukr
Агенція, яка здійснювала перезапис UA-OsUOA
Агенція, яка здійснювала модифікацію UA-OsUOA
041 ## - Код мови
Код мови тексту/ звукової доріжки чи окремого заголовка (П) ukr
080 ## - Індекс Універсальної десяткової класифікації
Індекс Універсальної десяткової класифікації (УДК) (НП) 821.161.2
090 ## - Локальний шифр розміщення
Класифікаційний індекс УДК 821.161.2
Авторський знак (НП) З-81
245 ## - Відомості про назву
Назва (НП) Золотослов. Поетичний космос Давньої Русі
Дані про відповідальність (НП) упор., передм. та переклади Михайла Москаленка
260 ## - Публікація, розповсюдження і т.п. (Вихідні дані)
Місце публікації, розповсюдження і т.п. (П) Київ
Ім’я/ наймення видавництва, розповсюджувача і т.п. (П) Дніпро
Дата публікації, розповсюдження і т.п. (П) 1988
300 ## - Фізичний опис
Обсяг 296 с.
520 ## - Резюме і т.п.
Резюме, реферат, анотація, тощо (НП) До книжки увійшли найдавніші за походженням тексти народної поезії росіян, українців та білорусів. Широко представлені фольклорні мотиви індоєвропейського, праслов'янського та давньоруського походження, у яких втілені роетичні погляди давніз слов'ян на природний космос.
650 #7 - Додаткове предметне введення – тематичний термін
Тематичний термін чи географічна назва, як елемент введення (НП) 82 Література. Літературознавство
Джерело заголовка чи терміна UDC
9 (RLIN) 15
700 1# - Додаткове введення – ім'я особи
Ім’я особи (НП) Москаленка М.
9 (RLIN) 24619
942 ## - Додаткові елементи входу (Коха)
Тип елемента Koha Книги
Source of classification or shelving scheme Universal Decimal Classification
955 ## - Код типу видання за змістом
Код типу видання за змістом (НП) Літературно-художні видання
Фонди
Стан вилучень Стан втрат Джерело класифікації або схеми стелажів Стан уражень Не для кредиту Постійне місце розташування Поточне розміщення Дата придбання Джерело придбання Вартість, звичайна ціна покупки Інвентарний номер Усього замовленно Повний номер виклику Штрих-код Дата останнього перегляду Ціна ефективна від Тип елемента Koha Код колекції Вартість, ціна заміни
Withdrawn   Universal Decimal Classification     АБ - Абонемент НБ АБ - Абонемент НБ 03/09/2018 34/2018 30.00 159679   821.161.2 З-81 159679 13/07/2019 03/09/2018 Книги    
    Universal Decimal Classification     АБ - Абонемент НБ АБ - Абонемент НБ 24/03/2026 Акт №14/24.03.2026 25.00 169628   821.161.2 З-81 169628 24/03/2026 24/03/2026 Книги Колекція Шевчука Валерія 25.00